[Event "Chioggia op-A 12th"]
[Site "Chioggia"]
[Date "2017.10.08"]
[Round "4"]
[White "Rossi, Carlo"]
[Black "Vijayalakshmi, Subbaraman"]
[Result "0-1"]
[WhiteElo "2273"]
[BlackElo "2358"]
[PlyCount "178"]
[EventDate "2017.10.06"]
[EventType "swiss"]
[EventRounds "5"]
[EventCountry "ITA"]
[SourceTitle "EXT 2022"]
[Source "ChessBase"]
[SourceDate "2021.10.06"]
[SourceVersion "1"]
[SourceVersionDate "2021.10.06"]
[SourceQuality "1"]

1. e4 e5 2. Nf3 Nc6 3. Bc4 Bc5 4. c3 Nf6 5. d3 a6 6. 0-0 Ba7 7. d4 Nxe4 8. dxe5 0-0 9. Bd5 Nxf2 10. Rxf2 d6 11. Bg5 Qd7 12. Bxc6 Bxf2+ 13. Kxf2 Qxc6 14. exd6 Qb6+ 15. Be3 Qxb2+ 16. Nbd2 cxd6 17. Bd4 Bg4 18. Kg3 Bxf3 19. Nxf3 Qb5 20. a4 Qc6 21. a5 Rae8 22. Rb1 Re6 23. Qb3 Qe4 24. Rb2 Qf5 25. Qa4 Rfe8 26. Qc4 h6 27. h3 Qxa5 28. Rxb7 Qf5 29. Rb2 Rg6+ 30. Kf2 Qf4 31. Qxa6 Qc1 32. Re2 Rb8 33. Qc6 Qf4 34. g4 Re6 35. Be3 Qf6 36. Kg3 Qe7 37. Kf2 Re8 38. Qb6 d5 39. Qd4 Re4 40. Qd3 g6 41. Nd2 Re5 42. Nf1 h5 43. g5 Qe6 44. Kg2 h4 45. Qd4 Rxg5+ 46. Bxg5 Qxe2+ 47. Kg1 Re5 48. Bxh4 Rh5 49. Ng3 Qe1+ 50. Kg2 Rxh4 51. Qxh4 Qd2+ 52. Kf1 Qxc3 53. Ne2 Qf3+ 54. Ke1 Qh1+ 55. Kd2 Qf3 56. Nd4 Qg2+ 57. Kc3 Kg7 58. Nc2 Qf3+ 59. Kd4 Qb3 60. Ke5 Qb8+ 61. Kxd5 Qb5+ 62. Ke4 Qf5+ 63. Ke3 Qxc2 64. Qd4+ f6 65. Qd7+ Kh6 66. Qf7 Qc3+ 67. Kf4 Qd4+ 68. Kg3 Kg5 69. Qh7 Qe3+ 70. Kg2 Qe2+ 71. Kg3 Qd3+ 72. Kg2 Kf5 73. Qh8 Qe2+ 74. Kg3 Qe5+ 75. Kf3 Qc3+ 76. Kg2 Qd2+ 77. Kf3 Qc3+ 78. Kg2 Qc6+ 79. Kg3 Ke5 80. Qb8+ Qd6 81. Qe8+ Kf5+ 82. Kg2 Qd2+ 83. Kg1 Qd4+ 84. Kf1 Qf4+ 85. Kg1 Qg3+ 86. Kf1 Qxh3+ 87. Kf2 Qh4+ 88. Kf1 Qe4 89. Qf7 Kg5 0-1

[Event "Palmanova op 5th"]
[Site "Palmanova"]
[Date "2016.12.10"]
[Round "4"]
[White "Rossi, Carlo"]
[Black "Belli, Giorgio"]
[Result "0-1"]
[WhiteElo "2289"]
[BlackElo "2157"]
[PlyCount "84"]
[EventDate "2016.12.08"]
[EventType "swiss"]
[EventRounds "6"]
[EventCountry "ITA"]
[SourceTitle "CBM 176 Extra"]
[Source "ChessBase"]
[SourceDate "2017.03.02"]
[SourceVersion "1"]
[SourceVersionDate "2017.03.02"]
[SourceQuality "1"]

1. Nf3 Nf6 2. b3 e6 3. Bb2 Be7 4. g4 Nxg4 5. Rg1 Bf6 6. Nc3 Ne5 7. Nxe5 Bxe5 8. d4 Bf6 9. Qd3 d5 10. e4 g6 11. 0-0-0 0-0 12. Kb1 c6 13. h4 Nd7 14. h5 Bg7 15. e5 c5 16. f4 cxd4 17. Ne2 Nc5 18. Qh3 Re8 19. hxg6 hxg6 20. Rh1 b6 21. Nxd4 a6 22. Qh7+ Kf8 23. f5 exf5 24. Nc6 Qc7 25. Qh8+ Bxh8 26. Rxh8+ Kg7 27. e6+ f6 28. Rxe8 Qxc6 29. Re7+ Kf8 30. Bxf6 Bxe6 31. Bg2 Bg8 32. Bg5 Rc8 33. c4 Ne6 34. Bf6 Nf4 35. Bg5 Nxg2 36. Ra7 Bf7 37. Rh1 dxc4 38. Rh7 Qe4+ 39. Kb2 Qd4+ 40. Ka3 Qd6+ 41. b4 Qd3+ 42. Kb2 c3+ 0-1

[Event "Padova op 18th"]
[Site "Padova"]
[Date "2015.12.16"]
[Round "5"]
[White "Rossi, Carlo"]
[Black "Garcia Palermo, Carlos H"]
[Result "1/2-1/2"]
[WhiteElo "2284"]
[BlackElo "2457"]
[PlyCount "106"]
[EventDate "2015.12.13"]
[EventType "swiss"]
[EventRounds "9"]
[EventCountry "ITA"]
[SourceTitle "EXT 2017"]
[Source "ChessBase"]
[SourceDate "2016.10.25"]
[SourceVersion "1"]
[SourceVersionDate "2016.10.25"]
[SourceQuality "1"]

1. Nf3 e6 2. e4 d5 3. Nc3 d4 4. Ne2 c5 5. Ng3 Nc6 6. Bb5 Nge7 7. 0-0 a6 8. Bxc6+ Nxc6 9. e5 d3 10. cxd3 Qxd3 11. Re1 Nb4 12. Re3 Qc2 13. Qf1 Bd7 14. Rc3 Qg6 15. Nh4 Qh6 16. Rc4 g5 17. d3 Be7 18. Rg4 Bc6 19. Nf3 Bxf3 20. gxf3 Qg6 21. Ne4 h6 22. Be3 Qf5 23. Bxc5 Bxc5 24. Nxc5 Nd5 25. d4 Qxf3 26. Rg3 Qf4 27. Nxb7 Qxd4 28. Nd6+ Ke7 29. Qe1 f6 30. Rd1 Qxe5 31. Qxe5 fxe5 32. Nc4 e4 33. Re1 Nf6 34. Nd2 Rab8 35. b3 Rb4 36. Rge3 Rc8 37. Nxe4 Nd5 38. Rg3 Nf4 39. h4 Rc2 40. Kf1 gxh4 41. Rg7+ Kf8 42. Rh7 h3 43. Nf6 Rd4 44. Kg1 Ne2+ 45. Kh1 Rf4 46. Rd1 Rc1 47. Rxc1 Nxc1 48. Nd7+ Kg8 49. Rxh6 Nd3 50. Rxe6 Rxf2 51. Re3 Rd2 52. Nf6+ Kf7 53. Ne4 Nf2+ 1/2-1/2

[Event "Padova op 18th"]
[Site "Padova"]
[Date "2015.12.15"]
[Round "4"]
[White "Naumkin, Igor"]
[Black "Rossi, Carlo"]
[Result "1/2-1/2"]
[WhiteElo "2441"]
[BlackElo "2284"]
[PlyCount "39"]
[EventDate "2015.12.13"]
[EventType "swiss"]
[EventRounds "9"]
[EventCountry "ITA"]
[SourceTitle "EXT 2017"]
[Source "ChessBase"]
[SourceDate "2016.10.25"]
[SourceVersion "1"]
[SourceVersionDate "2016.10.25"]
[SourceQuality "1"]

1. d4 f5 2. Nf3 Nf6 3. g3 e6 4. Bg2 d5 5. c4 c6 6. 0-0 Bd6 7. b3 0-0 8. Ba3 b6 9. Bxd6 Qxd6 10. Nbd2 Nbd7 11. e3 Bb7 12. Qc2 Ne4 13. Rac1 a5 14. Qb2 a4 15. b4 a3 16. Qb3 c5 17. Rc2 Bc6 18. b5 Bb7 19. cxd5 Bxd5 20. Nc4 1/2-1/2

[Event "Padova op 18th"]
[Site "Padova"]
[Date "2015.12.15"]
[Round "3"]
[White "Rossi, Carlo"]
[Black "Kovacevic, Blazimir"]
[Result "0-1"]
[WhiteElo "2284"]
[BlackElo "2480"]
[PlyCount "74"]
[EventDate "2015.12.13"]
[EventType "swiss"]
[EventRounds "9"]
[EventCountry "ITA"]
[SourceTitle "EXT 2017"]
[Source "ChessBase"]
[SourceDate "2016.10.25"]
[SourceVersion "1"]
[SourceVersionDate "2016.10.25"]
[SourceQuality "1"]

1. Nc3 d5 2. Nf3 Nf6 3. g3 d4 4. Nb5 c5 5. c3 a6 6. Na3 dxc3 7. bxc3 b5 8. Bg2 Bb7 9. 0-0 e6 10. Nc2 Nbd7 11. a4 b4 12. c4 a5 13. Bb2 Be7 14. Ne3 0-0 15. Qc2 Qc7 16. Rad1 Rad8 17. Qb1 Bc6 18. d4 cxd4 19. Rxd4 Nc5 20. Rh4 Nfe4 21. Ne5 Bxh4 22. Nxc6 Qxc6 23. gxh4 f5 24. h5 h6 25. Qa1 Qxa4 26. Bxe4 fxe4 27. Qc1 Qe8 28. Kh1 Qxh5 29. Rg1 Rd7 30. Ng4 Kh7 31. Qe3 Rf5 32. Bd4 Rg5 33. f3 exf3 34. exf3 a4 35. Rg3 Nb3 36. Qxe6 Qf7 37. Qe4+ Qf5 0-1

[Event "Padova op-A 15th"]
[Site "Padova"]
[Date "2012.12.22"]
[Round "8"]
[White "Rossi, Carlo"]
[Black "Tsalugelashvili, Lile"]
[Result "1-0"]
[WhiteElo "2286"]
[BlackElo "2085"]
[PlyCount "59"]
[EventDate "2012.12.16"]
[EventType "swiss"]
[EventRounds "9"]
[EventCountry "ITA"]
[SourceTitle "EXT 2024"]
[Source "ChessBase"]
[SourceDate "2023.10.10"]
[SourceVersion "1"]
[SourceVersionDate "2023.10.10"]
[SourceQuality "1"]

1. e4 c5 2. Nf3 Nc6 3. Bb5 g6 4. 0-0 Bg7 5. Re1 e5 6. b4 Nxb4 7. Bb2 Qc7 8. c3 Nc6 9. d4 a6 10. Bxc6 dxc6 11. dxc5 Bg4 12. Nbd2 Rd8 13. Qb3 Ne7 14. h3 Be6 15. Nc4 0-0 16. Ng5 Bxc4 17. Qxc4 b5 18. cxb6 Qxb6 19. Ba3 Rd2 20. Bc5 Qc7 21. Rad1 Rxd1 22. Rxd1 Bf6 23. Ne6 fxe6 24. Qxe6+ Rf7 25. Rd7 Qb8 26. Bxe7 Qb1+ 27. Kh2 Qxe4 28. Rd8+ Kg7 29. Bxf6+ Rxf6 30. Rg8+ 1-0

[Event "Trieste op 13th"]
[Site "Trieste"]
[Date "2011.09.04"]
[Round "2"]
[White "Rossi, Carlo"]
[Black "Schwarzmeier, Klaus"]
[Result "0-1"]
[WhiteElo "2346"]
[BlackElo "2020"]
[PlyCount "94"]
[EventDate "2011.09.03"]
[EventType "swiss"]
[EventRounds "9"]
[EventCountry "ITA"]
[SourceTitle "CBM 144 Extra"]
[Source "ChessBase"]
[SourceDate "2011.10.28"]
[SourceVersion "1"]
[SourceVersionDate "2011.10.28"]
[SourceQuality "1"]

1. e4 e6 2. Bb5 a6 3. Ba4 b5 4. Bb3 Bb7 5. d3 d5 6. Qe2 Nf6 7. e5 Nfd7 8. d4 c5 9. c3 Nc6 10. Nf3 Qb6 11. Be3 a5 12. 0-0 Ba6 13. Rc1 Be7 14. Nbd2 cxd4 15. cxd4 b4 16. Qd1 Bd3 17. Ba4 Rc8 18. Nb3 Bb5 19. Bxb5 Qxb5 20. Bg5 Bf8 21. Qf1 Qb6 22. Qd3 h6 23. Be3 Be7 24. a4 bxa3 25. bxa3 a4 26. Nbd2 0-0 27. Rab1 Qa7 28. Rc3 Na5 29. Rbc1 Rxc3 30. Rxc3 Nb6 31. h4 Nac4 32. g4 Nxd2 33. Bxd2 Nc4 34. g5 hxg5 35. Bxg5 f6 36. exf6 Bxf6 37. Bxf6 gxf6 38. Nd2 Nd6 39. Qe2 Kf7 40. Qh5+ Ke7 41. Qg4 Nf5 42. Nf3 Qb8 43. Kh1 Rg8 44. Rc7+ Qxc7 45. Qxg8 Qf4 46. Qh7+ Kd6 47. Qh5 Ng7 0-1

[Event "Padova op-A 10th"]
[Site "Padova"]
[Date "2007.12.21"]
[Round "7.8"]
[White "Rossi, Carlo"]
[Black "Rettore, Ludwig"]
[Result "0-1"]
[WhiteElo "2342"]
[BlackElo "2177"]
[PlyCount "152"]
[EventDate "2007.12.15"]
[EventType "swiss"]
[EventRounds "9"]
[EventCountry "ITA"]
[SourceTitle "EXT 2024"]
[Source "ChessBase"]
[SourceDate "2023.10.10"]
[SourceVersion "1"]
[SourceVersionDate "2023.10.10"]
[SourceQuality "1"]

1. g3 d5 2. Bg2 Nf6 3. Nf3 Bg4 4. Ne5 Bf5 5. c4 c6 6. cxd5 cxd5 7. Qa4+ Bd7 8. Qb3 Nc6 9. Nxc6 bxc6 10. d4 e6 11. Nc3 c5 12. Be3 c4 13. Qc2 Qb6 14. Rd1 Rb8 15. 0-0 Bd6 16. Bc1 0-0 17. e4 Nxe4 18. Nxe4 dxe4 19. Bxe4 f5 20. Bf3 Qa6 21. a3 Ba4 22. Qe2 Bc7 23. Rde1 Rfe8 24. Bh5 Bc6 25. Bxe8 Rxe8 26. b3 Bd5 27. Bb2 Qb7 28. bxc4 Bf3 29. Qd3 Bg2 30. Qc3 Bh3 31. f3 Ba5 32. Qxa5 Qxb2 33. Rf2 Qxd4 34. c5 Rc8 35. Qb4 Qxc5 36. Qh4 Qe3 37. Rd1 Rc1 38. Qd8+ Kf7 39. Qd2 Rxd1+ 40. Qxd1 Qxa3 41. Rd2 Qc5+ 42. Kh1 Kg6 43. Qe2 Qc6 44. Rd1 a5 45. Re1 Kf7 46. Qe3 g5 47. Kg1 g4 48. Qh6 Qb6+ 49. Kh1 Qc6 50. Qxh7+ Kf8 51. Qh6+ Kf7 52. Kg1 a4 53. Qe3 gxf3 54. Rc1 f2+ 55. Kxf2 Qg2+ 56. Ke1 Qh1+ 57. Kd2 Qxh2+ 58. Kd3 Qa2 59. Rc7+ Kg6 60. Rc2 Bf1+ 61. Kd2 Qd5+ 62. Ke1 Bc4 63. Rh2 Qe4 64. Rh6+ Kg7 65. Qxe4 fxe4 66. Rh1 a3 67. Kd2 a2 68. Rc1 Kg6 69. Ke3 Bd3 70. Ra1 Bb1 71. Kf4 Kf6 72. g4 e5+ 73. Ke3 Kg5 74. Rxa2 Bxa2 75. Kxe4 Kf6 76. g5+ Ke6 0-1

[Event "Padova op-A 10th"]
[Site "Padova"]
[Date "2007.12.19"]
[Round "5.7"]
[White "Rossi, Carlo"]
[Black "Cardilli, Mariano"]
[Result "1-0"]
[WhiteElo "2342"]
[BlackElo "2100"]
[PlyCount "45"]
[EventDate "2007.12.15"]
[EventType "swiss"]
[EventRounds "9"]
[EventCountry "ITA"]
[SourceTitle "EXT 2024"]
[Source "ChessBase"]
[SourceDate "2023.10.10"]
[SourceVersion "1"]
[SourceVersionDate "2023.10.10"]
[SourceQuality "1"]

1. c4 c5 2. Nc3 Nc6 3. g3 g6 4. Bg2 Bg7 5. d3 Nf6 6. Bd2 0-0 7. Qc1 Re8 8. Bh6 Bh8 9. h4 e6 10. Bg5 Nd4 11. Bd2 Rb8 12. Bg5 b6 13. h5 Bb7 14. Bxb7 Rxb7 15. Nh3 b5 16. Nf4 b4 17. Nd1 b3 18. Ne3 Qb6 19. hxg6 fxg6 20. Nxg6 hxg6 21. Rxh8+ Kxh8 22. Bxf6+ Kg8 23. Ng4 1-0

[Event "Padova op-A 10th"]
[Site "Padova"]
[Date "2007.12.15"]
[Round "1.11"]
[White "Rossi, Carlo"]
[Black "Battagin, Mose"]
[Result "1-0"]
[WhiteElo "2342"]
[BlackElo "1701"]
[PlyCount "27"]
[EventDate "2007.12.15"]
[EventType "swiss"]
[EventRounds "9"]
[EventCountry "ITA"]
[SourceTitle "EXT 2024"]
[Source "ChessBase"]
[SourceDate "2023.10.10"]
[SourceVersion "1"]
[SourceVersionDate "2023.10.10"]
[SourceQuality "1"]

1. f4 d6 2. Nf3 g6 3. e4 Bg7 4. Bc4 Nf6 5. e5 dxe5 6. fxe5 Nd5 7. d4 0-0 8. 0-0 h6 9. Qe1 e6 10. Qg3 c5 11. Qh3 Nc6 12. Bxh6 Nxd4 13. Ng5 b5 14. Bxg7 1-0

[Event "Bratto op-A 27th"]
[Site "Bratto"]
[Date "2007.08.30"]
[Round "8"]
[White "Horvath, Csaba"]
[Black "Rossi, Carlo"]
[Result "1-0"]
[WhiteElo "2558"]
[BlackElo "2340"]
[PlyCount "69"]
[EventDate "2007.08.23"]
[EventType "swiss"]
[EventRounds "9"]
[EventCountry "ITA"]
[SourceTitle "CBM 120 Extra"]
[Source "ChessBase"]
[SourceDate "2007.11.01"]
[SourceVersion "1"]
[SourceVersionDate "2007.11.01"]
[SourceQuality "1"]

1. d4 Nf6 2. c4 c5 3. d5 e5 4. Nc3 d6 5. e4 g6 6. Bd3 Bg7 7. h3 Nh5 8. Be2 Nf4 9. Bf3 0-0 10. g3 Nh5 11. Bxh5 gxh5 12. Qxh5 f5 13. Nf3 fxe4 14. Ng5 Bf5 15. Ngxe4 b5 16. cxb5 a6 17. Bg5 Qd7 18. b6 a5 19. Qh4 Rf7 20. Bh6 Ra6 21. Bxg7 Kxg7 22. Qg5+ Bg6 23. Nxc5 dxc5 24. Qxe5+ Rf6 25. g4 h6 26. Qxb8 Qe7+ 27. Kf1 Raxb6 28. Qg3 Rxb2 29. Rh2 c4 30. Kg1 Bd3 31. Qe3 Qb4 32. Rc1 Qa3 33. Rg2 Bg6 34. h4 Rb7 35. h5 1-0

[Event "Bratto op-A 27th"]
[Site "Bratto"]
[Date "2007.08.29"]
[Round "7"]
[White "Rossi, Carlo"]
[Black "Lapiccirella, Daniele"]
[Result "1-0"]
[WhiteElo "2340"]
[BlackElo "2164"]
[PlyCount "43"]
[EventDate "2007.08.23"]
[EventType "swiss"]
[EventRounds "9"]
[EventCountry "ITA"]
[SourceTitle "CBM 120 Extra"]
[Source "ChessBase"]
[SourceDate "2007.11.01"]
[SourceVersion "1"]
[SourceVersionDate "2007.11.01"]
[SourceQuality "1"]

1. Nc3 c5 2. Ne4 Qc7 3. c4 b6 4. Nf3 e6 5. e3 Bb7 6. Qc2 d6 7. b3 Nd7 8. Bb2 Ngf6 9. Ng3 Be7 10. d4 cxd4 11. exd4 d5 12. Bd3 dxc4 13. bxc4 Bxf3 14. gxf3 Qf4 15. Qe2 Bb4+ 16. Kf1 0-0 17. h4 Rad8 18. Rd1 Rfe8 19. h5 e5 20. d5 Nc5 21. Bc1 Qd4 22. Nf5 1-0

[Event "Bratto op-A 27th"]
[Site "Bratto"]
[Date "2007.08.27"]
[Round "5"]
[White "Rossi, Carlo"]
[Black "Brunello, Sabino"]
[Result "0-1"]
[WhiteElo "2340"]
[BlackElo "2475"]
[PlyCount "46"]
[EventDate "2007.08.23"]
[EventType "swiss"]
[EventRounds "9"]
[EventCountry "ITA"]
[SourceTitle "CBM 120 Extra"]
[Source "ChessBase"]
[SourceDate "2007.11.01"]
[SourceVersion "1"]
[SourceVersionDate "2007.11.01"]
[SourceQuality "1"]

1. f4 d5 2. Nf3 Nf6 3. e3 e6 4. b3 c5 5. Bb2 Be7 6. Ne5 0-0 7. Bd3 Nc6 8. Nxc6 bxc6 9. 0-0 Rb8 10. Rf3 g6 11. Qc1 Nd7 12. c4 f5 13. g4 fxg4 14. Rg3 e5 15. fxe5 Bh4 16. Rg2 d4 17. exd4 Nxe5 18. dxe5 Qxd3 19. Na3 Qh3 20. Qd1 Rf3 21. Qe2 Be6 22. Qe4 Rbf8 23. Qxc6 g3 0-1

[Event "Bratto op-A 27th"]
[Site "Bratto"]
[Date "2007.08.24"]
[Round "2"]
[White "Rossi, Carlo"]
[Black "David, Alberto"]
[Result "1/2-1/2"]
[WhiteElo "2340"]
[BlackElo "2529"]
[PlyCount "43"]
[EventDate "2007.08.23"]
[EventType "swiss"]
[EventRounds "9"]
[EventCountry "ITA"]
[SourceTitle "CBM 120 Extra"]
[Source "ChessBase"]
[SourceDate "2007.11.01"]
[SourceVersion "1"]
[SourceVersionDate "2007.11.01"]
[SourceQuality "1"]

1. e4 e5 2. Nf3 Nc6 3. Bb5 a6 4. Ba4 Nf6 5. Bxc6 dxc6 6. d3 Nd7 7. Nbd2 Bd6 8. 0-0 0-0 9. Nc4 Re8 10. b3 Nf8 11. Bb2 Ng6 12. d4 exd4 13. Qxd4 Bf8 14. Qe3 Qe7 15. Rfe1 Be6 16. Nce5 Nxe5 17. Nxe5 Rad8 18. Nd3 f6 19. Qg3 Qf7 20. e5 fxe5 21. Bxe5 Bd6 22. Re3 1/2-1/2